000 00288nam a22001097a 4500
082 _a808.5 KAL'M
100 _aKALLSON, T. J
_957888
245 _aMODERN RHETORIC AND USAGE FOR COLLEGE COMPOSITION AND COMMUNICATION
260 _aNEWYORK
_bHENRY HOLT
_c1955
300 _a506P
942 _cBK
999 _c568131
_d568131